Aluminium in building

Đã lưu trong:
Bibliografiske detaljer
Hovedforfatter: E. I. Brimelow
Format: Bog
Sprog:Undetermined
Udgivet: London MacDonald 1957
Tags: Tilføj Tag
Ingen Tags, Vær først til at tagge denne postø!
Thư viện lưu trữ: Trung tâm Học liệu Trường Đại học Cần Thơ
LEADER 00323nam a2200121Ia 4500
001 CTU_85834
008 210402s9999 xx 000 0 und d
100 |a E. I. Brimelow 
245 0 |a Aluminium in building 
260 |a London 
260 |b MacDonald 
260 |c 1957 
980 |a Trung tâm Học liệu Trường Đại học Cần Thơ